[Event "European Team Championship"]
[Site "Reykjavik ISL"]
[Date "2015.11.21"]
[EventDate "2015.11.13"]
[Round "8.4"]
[Result "1-0"]
[White "Loek van Wely"]
[Black "Arturs Neiksans"]
[WhiteElo "2632"]
[BlackElo "2602"]
[PlyCount "91"]

1. Nf3 Nf6 2. c4 e6 3. g3 b6 4. Bg2 Bb7 5. O-O Be7 6. d4 O-O
7. Nc3 Ne4 8. Bd2 Bf6 9. Rc1 d6 10. Qc2 Nxd2 11. Qxd2 Nd7
12. Rfd1 g6 13. b4 Bg7 14. Ne1 Bxg2 15. Nxg2 c6 16. e3 a6
17. a4 Qb8 18. Nf4 Rd8 19. Rb1 Qc7 20. Rdc1 Nf6 21. Qc2 Qd7
22. Nd3 Rac8 23. c5 dxc5 24. bxc5 b5 25. Ra1 h5 26. axb5 axb5
27. Ra6 Ng4 28. h3 Nh6 29. Kg2 Nf5 30. Ne4 e5 31. Nxe5 Bxe5
32. dxe5 Qd5 33. g4 hxg4 34. hxg4 Kg7 35. Ra7 Nh4+ 36. Kg3 g5
37. f4 gxf4+ 38. exf4 Qd4 39. Kxh4 Rh8+ 40. Kg5 Rcg8 41. Nd6
Kf8+ 42. Kf5 Rh7 43. Qb3 Rg5+ 44. Kxg5 f6+ 45. exf6 Rxa7
46. Qe6 1-0

[Event "European Team Championship"]
[Site "Reykjavik ISL"]
[Date "2015.11.21"]
[EventDate "2015.11.13"]
[Round "8.4"]
[Result "1/2-1/2"]
[White "Toms Kantans"]
[Black "Sergei Tiviakov"]
[WhiteElo "2514"]
[BlackElo "2608"]
[PlyCount "107"]

1. e4 e6 2. d4 d5 3. Nd2 c5 4. exd5 Qxd5 5. dxc5 Bxc5 6. Ngf3
Nf6 7. Bc4 Qh5 8. Qe2 O-O 9. Nf1 Bd6 10. Bg5 Nd5 11. Ng3 Bxg3
12. fxg3 Nc6 13. O-O-O Nb6 14. Bb3 Na5 15. g4 Qxg4 16. Rd4
Nxb3+ 17. axb3 Qf5 18. Be7 Re8 19. Rf1 Bd7 20. Nd2 Qa5 21. Ba3
e5 22. Rh4 e4 23. Rxe4 Bc6 24. Rxe8+ Rxe8 25. Qf2 f6 26. g3
Qh5 27. h4 Re2 28. Qd4 Qe8 29. c4 Nd7 30. Bd6 a5 31. Kb1 Qg6+
32. Ka2 Qc2 33. Nb1 a4 34. bxa4 Bxa4 35. Qc3 Bc6 36. Qxc2 Rxc2
37. Nc3 Rg2 38. Re1 h5 39. Ka3 Rd2 40. Rd1 Rxd1 41. Nxd1 Kf7
42. Ne3 g5 43. hxg5 fxg5 44. b4 Ke6 45. Bc7 Ne5 46. b5 Be4
47. Kb4 h4 48. gxh4 gxh4 49. Kc3 h3 50. Nf1 Bf3 51. Kd4 Nxc4
52. Kxc4 Be2+ 53. Kd4 Bxf1 54. b6 1/2-1/2

[Event "European Team Championship"]
[Site "Reykjavik ISL"]
[Date "2015.11.21"]
[EventDate "2015.11.13"]
[Round "8.5"]
[Result "1/2-1/2"]
[White "Daniel Fridman"]
[Black "Aryan Tari"]
[WhiteElo "2627"]
[BlackElo "2532"]
[PlyCount "82"]

1. d4 Nf6 2. c4 g6 3. Nc3 d5 4. cxd5 Nxd5 5. Bd2 Bg7 6. e4
Nxc3 7. Bxc3 O-O 8. Qd2 c5 9. d5 e6 10. Bc4 Bxc3 11. bxc3 exd5
12. Bxd5 Qf6 13. Nf3 Nc6 14. O-O Bg4 15. Ng5 Rad8 16. h3 Be6
17. Rad1 h6 18. Nf3 Bxd5 19. exd5 Ne7 20. d6 Nc8 21. d7 Nb6
22. Qxh6 Qxc3 23. Rd4 Qxd4 24. Nxd4 cxd4 25. Re1 Nxd7 26. Qg5
Nb6 27. Rd1 Rd5 28. Qg3 Rfd8 29. Qa3 Nc4 30. Qxa7 Nb2 31. Rd2
Nc4 32. Rd1 Nb2 33. Rb1 d3 34. Qxb7 d2 35. Qxb2 d1=Q+ 36. Rxd1
Rxd1+ 37. Kh2 R1d2 38. Qb6 Ra8 39. a3 Ra2 40. h4 R2xa3 41. Qf6
R3a6 1/2-1/2

[Event "European Team Championship"]
[Site "Reykjavik ISL"]
[Date "2015.11.21"]
[EventDate "2015.11.13"]
[Round "8.5"]
[Result "0-1"]
[White "Johan Salomon"]
[Black "Rainer Buhmann"]
[WhiteElo "2459"]
[BlackElo "2619"]
[PlyCount "74"]

1. c4 c5 2. Nf3 Nc6 3. Nc3 e5 4. e3 f5 5. d4 e4 6. Ne5 Nf6
7. Be2 Bd6 8. Nb5 Bb8 9. Bh5+ g6 10. Nxg6 hxg6 11. Bxg6+ Kf8
12. Bxf5 d5 13. Bxc8 Qxc8 14. Bd2 Nb4 15. Bxb4 cxb4 16. c5 Qc6
17. Nd6 Bxd6 18. cxd6 Qxd6 19. h3 Ke7 20. Qa4 a6 21. Kd2 Nd7
22. Qd1 Raf8 23. Qe2 Rhg8 24. f4 Rg3 25. Rh2 Rfg8 26. Rc1 Qg6
27. Rg1 Qb6 28. Ke1 Qf6 29. Qd2 a5 30. Qe2 Nb6 31. b3 Rc8
32. h4 Rc3 33. Kf2 Rcxe3 34. Qxe3 Rxe3 35. Kxe3 Qc6 36. f5
Qc3+ 37. Kf4 Qc7+ 0-1

[Event "European Team Championship"]
[Site "Reykjavik ISL"]
[Date "2015.11.21"]
[EventDate "2015.11.13"]
[Round "8.6"]
[Result "0-1"]
[White "Jon Loftur Arnason"]
[Black "Hjorvar Steinn Gretarsson"]
[WhiteElo "2500"]
[BlackElo "2561"]
[PlyCount "74"]

1. e4 e5 2. Nc3 Nf6 3. g3 d5 4. exd5 Nxd5 5. Bg2 Nxc3 6. bxc3
Nc6 7. Nf3 Bc5 8. O-O O-O 9. d3 Bg4 10. Qe1 Re8 11. Ng5 Qd7
12. Qe4 Bf5 13. Qc4 Bb6 14. Be3 Rad8 15. Rfe1 h6 16. Ne4 Be6
17. Qb5 f5 18. Nc5 Bxc5 19. Bxc5 Bd5 20. f3 b6 21. Bf2 f4
22. gxf4 exf4 23. Rxe8+ Rxe8 24. c4 Bf7 25. Kf1 Re5 26. Qb2
Bh5 27. d4 Rg5 28. Re1 Na5 29. Qc3 Bf7 30. d5 c6 31. c5 cxd5
32. cxb6 axb6 33. Qd4 Qf5 34. Qxb6 Nc4 35. Qb8+ Kh7 36. Re2
Bh5 37. Qb3 Ne5 0-1

[Event "European Team Championship"]
[Site "Reykjavik ISL"]
[Date "2015.11.21"]
[EventDate "2015.11.13"]
[Round "8.7"]
[Result "1/2-1/2"]
[White "Robert Kempinski"]
[Black "Alexander Areshchenko"]
[WhiteElo "2614"]
[BlackElo "2682"]
[PlyCount "82"]

1. d4 Nf6 2. c4 g6 3. Nc3 d5 4. Bf4 Bg7 5. e3 c5 6. dxc5 Qa5
7. Rc1 dxc4 8. Bxc4 O-O 9. Nf3 Qxc5 10. Bb3 Nc6 11. O-O Qa5
12. h3 Bf5 13. Qe2 Ne4 14. Nxe4 Bxe4 15. Rfd1 Bxf3 16. Qxf3
Rad8 17. Bd5 Nd4 18. exd4 Qxd5 19. Qxd5 Rxd5 20. Rc7 e5
21. Bg3 exd4 22. Rxb7 d3 23. b4 Bc3 24. Bf4 Rd4 25. Be3 Rxb4
26. Rxb4 Bxb4 27. Rxd3 a5 28. Rd5 Rb8 29. Bd4 a4 30. Be5 Rc8
31. Bf6 Kf8 32. Rd3 Be7 33. Bxe7+ Kxe7 34. Rd4 Rc1+ 35. Kh2
Rc2 36. Rxa4 Rxf2 37. h4 h5 38. Ra6 Rf4 39. Kg3 Rg4+ 40. Kh3
Rc4 41. Kg3 Rg4+ 1/2-1/2

[Event "European Team Championship"]
[Site "Reykjavik ISL"]
[Date "2015.11.21"]
[EventDate "2015.11.13"]
[Round "8.8"]
[Result "1/2-1/2"]
[White "Daniele Vocaturo"]
[Black "Viktor Bologan"]
[WhiteElo "2588"]
[BlackElo "2630"]
[PlyCount "92"]

1. d4 d5 2. c4 c6 3. Nf3 Nf6 4. Nc3 a6 5. e3 b5 6. b3 Bg4
7. h3 Bxf3 8. Qxf3 e5 9. dxe5 Bb4 10. Bd2 Bxc3 11. Bxc3 Ne4
12. Bb4 bxc4 13. Qg4 c5 14. f3 cxb4 15. fxe4 O-O 16. exd5 cxb3
17. axb3 Qxd5 18. Bc4 Qxe5 19. O-O Ra7 20. Rad1 g6 21. Qf4
Qxf4 22. exf4 Nc6 23. Rd6 Rc8 24. f5 Ne5 25. Bxa6 Rc6 26. Rxc6
Nxc6 27. Bc4 Ne5 28. Rf4 Nxc4 29. Rxc4 gxf5 30. Rxb4 Ra2
31. Kh2 Rb2 32. Kg3 Kg7 33. Kf3 f4 34. Rb5 Kg6 35. h4 h5
36. Rb6+ f6 37. Rb5 Rc2 38. Rb4 Rb2 39. Rb8 Kf5 40. Rb5+ Kg6
41. b4 Kh6 42. Rb8 Kg7 43. b5 Rb4 44. b6 Kg6 45. Ke2 Kf5
46. b7 Rb2+ 1/2-1/2

[Event "European Team Championship"]
[Site "Reykjavik ISL"]
[Date "2015.11.21"]
[EventDate "2015.11.13"]
[Round "8.8"]
[Result "1-0"]
[White "Vladimir Hamitevici"]
[Black "Axel Rombaldoni"]
[WhiteElo "2430"]
[BlackElo "2539"]
[PlyCount "81"]

1. d4 Nf6 2. c4 e6 3. g3 Bb4+ 4. Bd2 c5 5. Bxb4 cxb4 6. Bg2
O-O 7. Nf3 d6 8. O-O a5 9. a3 Na6 10. axb4 Nxb4 11. Nc3 Qc7
12. b3 Bd7 13. Rc1 Rac8 14. e4 Rfd8 15. h3 e5 16. Qe2 Re8
17. Qe3 Qb6 18. Rfd1 h6 19. Kh2 Na6 20. Rb1 Qc7 21. Ng1 Nb4
22. Rbc1 Qb6 23. Nge2 Na6 24. Rb1 Re7 25. f3 Nb4 26. Qd2 Bc6
27. g4 Bd7 28. f4 Rce8 29. Bf3 exf4 30. Qxf4 Nh7 31. Ng3 Re6
32. Bg2 Rf6 33. Qe3 Ng5 34. Nh5 Rfe6 35. Nf4 Qc7 36. Nxe6 Rxe6
37. Nd5 Nxd5 38. cxd5 Re8 39. Rbc1 Qb6 40. Re1 f6 41. e5 1-0

[Event "European Team Championship"]
[Site "Reykjavik ISL"]
[Date "2015.11.21"]
[EventDate "2015.11.13"]
[Round "8.9"]
[Result "0-1"]
[White "Baris Esen"]
[Black "Nigel Short"]
[WhiteElo "2565"]
[BlackElo "2686"]
[PlyCount "80"]

1. d4 Nf6 2. c4 e6 3. Nf3 a6 4. Bg5 h6 5. Bxf6 Qxf6 6. Nc3 d6
7. Qc2 g6 8. c5 Qd8 9. e3 dxc5 10. Bd3 cxd4 11. exd4 Bg7
12. Bxg6 fxg6 13. Qxg6+ Kf8 14. O-O Nc6 15. Rfe1 Nxd4 16. Nxd4
Bxd4 17. Ne4 Qe8 18. Qg3 Rg8 19. Qxc7 Qe7 20. Qf4+ Kg7 21. Ng3
Bf6 22. Nf5+ exf5 23. Rxe7+ Bxe7 24. Qc7 Kf7 25. Re1 Be6
26. Qxb7 Rad8 27. Qxa6 Bd5 28. g3 Bf6 29. a4 Rge8 30. Rf1 h5
31. b4 h4 32. a5 hxg3 33. hxg3 Bf3 34. Qc4+ Kg6 35. Qb3 Bd5
36. Qd3 Ba8 37. Qc2 Bd4 38. Qc4 Rh8 39. Qe6+ Kg5 40. Qe7+ Kg4
0-1

[Event "European Team Championship"]
[Site "Reykjavik ISL"]
[Date "2015.11.21"]
[EventDate "2015.11.13"]
[Round "8.10"]
[Result "1/2-1/2"]
[White "Sebastian Bogner"]
[Black "Viktor Laznicka"]
[WhiteElo "2549"]
[BlackElo "2665"]
[PlyCount "81"]

1. Nf3 d5 2. d4 Nf6 3. c4 c6 4. Nc3 e6 5. e3 Nbd7 6. Qc2 b6
7. Bd3 Bb7 8. O-O Be7 9. b3 O-O 10. Bb2 h6 11. Rad1 Qc7
12. Qe2 Rad8 13. Bb1 Rfe8 14. Ne5 Bf8 15. f4 g6 16. e4 dxe4
17. Bxe4 Bg7 18. Bf3 a6 19. Rfe1 c5 20. d5 exd5 21. cxd5 Qd6
22. a4 Re7 23. Nb1 Nxd5 24. Bxd5 Bxd5 25. Nc3 Nf6 26. Qxa6 Qc7
27. Nxd5 Nxd5 28. Qc4 Nb4 29. Ba1 Kh7 30. h3 Rde8 31. Rf1 h5
32. Bc3 Nc6 33. Nxc6 Qxc6 34. Bxg7 Kxg7 35. f5 Re2 36. Qc3+
Kh6 37. Qf3 Qxf3 38. Rxf3 Re1+ 39. Rxe1 Rxe1+ 40. Kf2 Rb1
41. fxg6 1/2-1/2

[Event "European Team Championship"]
[Site "Reykjavik ISL"]
[Date "2015.11.21"]
[EventDate "2015.11.13"]
[Round "8.10"]
[Result "1-0"]
[White "Vlastimil Babula"]
[Black "Nico Georgiadis"]
[WhiteElo "2559"]
[BlackElo "2472"]
[PlyCount "67"]

1. d4 Nf6 2. c4 e6 3. Nf3 d5 4. Nc3 Bb4 5. Qa4+ Nc6 6. e3 O-O
7. Qc2 Ne7 8. a3 Bxc3+ 9. Qxc3 b6 10. b3 Bb7 11. Be2 Rc8
12. O-O dxc4 13. bxc4 c5 14. Bb2 cxd4 15. Nxd4 Ne4 16. Qc2 Nf5
17. Nxf5 exf5 18. f3 Qg5 19. Bd4 Nc5 20. a4 Ne6 21. Ra3 f4
22. Bd3 h6 23. Qf2 Rfd8 24. a5 bxa5 25. Rfa1 fxe3 26. Bxe3 Qf6
27. Bf1 Nd4 28. Bxd4 Qxd4 29. Qxd4 Rxd4 30. Rxa5 a6 31. c5 Rd5
32. Rb1 Rc7 33. Rxb7 Rxb7 34. c6 1-0

[Event "European Team Championship"]
[Site "Reykjavik ISL"]
[Date "2015.11.21"]
[EventDate "2015.11.13"]
[Round "8.10"]
[Result "0-1"]
[White "Richard Forster"]
[Black "Jiri Stocek"]
[WhiteElo "2459"]
[BlackElo "2557"]
[PlyCount "74"]

1. c4 e5 2. g3 Nf6 3. Bg2 h6 4. Nc3 Bb4 5. d3 O-O 6. Bd2 Re8
7. Nf3 c6 8. O-O Bf8 9. e4 d6 10. h3 a6 11. d4 b5 12. cxb5
axb5 13. b4 Nbd7 14. a4 bxa4 15. Rxa4 Bb7 16. Re1 Rxa4
17. Qxa4 exd4 18. Nxd4 c5 19. Nf5 cxb4 20. Qxb4 Nc5 21. f3 Bc8
22. Rd1 d5 23. Qb1 Bxf5 24. exf5 d4 25. Nb5 d3 26. Nc3 Qd4+
27. Kh2 Re2 28. Qc1 Nb3 29. Qb2 Nxd2 30. Rxd2 Rxd2 31. Qxd2
Bb4 32. Nb5 Qc4 33. Qd1 Qc2 34. Qa1 d2 35. Nd4 Qc3 36. Qa8+
Kh7 37. Ne2 Qe3 0-1

[Event "European Team Championship"]
[Site "Reykjavik ISL"]
[Date "2015.11.21"]
[EventDate "2015.11.13"]
[Round "8.11"]
[Result "1-0"]
[White "Tiger Hillarp Persson"]
[Black "Bogdan-Daniel Deac"]
[WhiteElo "2539"]
[BlackElo "2440"]
[PlyCount "65"]

1. c4 Nf6 2. Nc3 c5 3. Nf3 Nc6 4. g3 d5 5. cxd5 Nxd5 6. Bg2
Nc7 7. d3 e5 8. Nd2 Bd7 9. Nc4 Be7 10. O-O O-O 11. a4 b6
12. Bd2 Rb8 13. Kh1 Ne6 14. Nd5 Re8 15. Bc3 f6 16. e3 Bf8
17. f4 exf4 18. gxf4 Nb4 19. Rg1 Kh8 20. Be4 Nxd5 21. Qh5 Ng5
22. Bxd5 Bg4 23. Rxg4 Qxd5+ 24. Rg2 Qf3 25. Qxf3 Nxf3 26. Rf2
Nh4 27. f5 Be7 28. Rg1 Rg8 29. Rg4 g5 30. fxg6 Nxg6 31. Rxf6
Bxf6 32. Bxf6+ Rg7 33. h4 1-0

[Event "European Team Championship"]
[Site "Reykjavik ISL"]
[Date "2015.11.21"]
[EventDate "2015.11.13"]
[Round "8.11"]
[Result "1-0"]
[White "Mircea-Emilian Parligras"]
[Black "Jonathan Westerberg"]
[WhiteElo "2587"]
[BlackElo "2496"]
[PlyCount "81"]

1. e4 c5 2. Nf3 Nf6 3. Nc3 d5 4. exd5 Nxd5 5. Bb5+ Bd7 6. Ne5
Bxb5 7. Qf3 f6 8. Nxb5 Na6 9. Qh5+ g6 10. Nxg6 hxg6 11. Qxh8
Qd7 12. Nc3 Qe6+ 13. Kf1 Nab4 14. Qh4 Qa6+ 15. Kg1 O-O-O
16. Qg4+ f5 17. Qd1 Bg7 18. d3 Nxc3 19. bxc3 Bxc3 20. Rb1 Qxa2
21. Bg5 Rd5 22. Rc1 Bb2 23. Rb1 Bc3 24. g3 Re5 25. Kg2 Nxc2
26. Kh3 Bb4 27. Bf4 Re6 28. Bd2 g5 29. Bxg5 Ne1 30. Rxb4 Qxf2
31. Rb2 Qxb2 32. Rxe1 Qb6 33. Bxe7 Kd7 34. Bg5 Qb4 35. Rxe6
Kxe6 36. Qh5 Kd7 37. Qf7+ Kc6 38. Qxf5 a5 39. Qc8+ Kd6
40. Bf4+ Ke7 41. Qc7+ 1-0

[Event "European Team Championship"]
[Site "Reykjavik ISL"]
[Date "2015.11.21"]
[EventDate "2015.11.13"]
[Round "8.12"]
[Result "0-1"]
[White "Mikael Agopov"]
[Black "Ivan Saric"]
[WhiteElo "2452"]
[BlackElo "2652"]
[PlyCount "62"]

1. e4 g6 2. d4 Bg7 3. Nc3 d6 4. Be3 a6 5. Qd2 b5 6. h4 Nf6
7. f3 h5 8. Nh3 Bxh3 9. Rxh3 Nbd7 10. a4 c6 11. Rh1 Rb8
12. axb5 axb5 13. Kf2 b4 14. Ne2 e5 15. Ng3 O-O 16. Be2 d5
17. Rad1 Re8 18. Rhf1 exd4 19. Bxd4 dxe4 20. fxe4 Qc7 21. Bf3
Ne5 22. Kg1 c5 23. Be3 Nc4 24. Bf4 Nxd2 25. Bxc7 Nxf1 26. Bxb8
Ne3 27. Rd3 Nxc2 28. Bf4 c4 29. Rd6 Ng4 30. Bd1 b3 31. Bc1 Be5
0-1

[Event "European Team Championship"]
[Site "Reykjavik ISL"]
[Date "2015.11.21"]
[EventDate "2015.11.13"]
[Round "8.12"]
[Result "1-0"]
[White "Hrvoje Stevic"]
[Black "Tapani Sammalvuo"]
[WhiteElo "2604"]
[BlackElo "2422"]
[PlyCount "97"]

1. e4 e5 2. Nf3 Nc6 3. Bc4 Bc5 4. c3 Nf6 5. d3 a6 6. O-O d6
7. Bb3 Ba7 8. Re1 O-O 9. h3 Be6 10. Nbd2 h6 11. Nf1 Re8
12. Bxe6 Rxe6 13. Be3 Bxe3 14. Nxe3 d5 15. Qa4 Qd7 16. Rad1
Rd8 17. Qb3 b5 18. a3 dxe4 19. dxe4 Rd6 20. a4 b4 21. Qc4 bxc3
22. bxc3 Na5 23. Qc5 Nb7 24. Qb4 c5 25. Qc4 Qc7 26. Nd5 Nxd5
27. Rxd5 Rxd5 28. exd5 f6 29. Rb1 Nd6 30. Qxa6 e4 31. Nd2 e3
32. fxe3 Qe7 33. Qd3 c4 34. Nxc4 Nxc4 35. Qxc4 Qxe3+ 36. Kh1
Qd2 37. a5 Qxd5 38. Qxd5+ Rxd5 39. Ra1 Kf7 40. a6 Rd8 41. a7
Ra8 42. Kh2 Ke6 43. Kg3 Kd5 44. Kf4 g6 45. g4 Kc4 46. Ra3 Kd3
47. h4 g5+ 48. hxg5 fxg5+ 49. Kf5 1-0

[Event "European Team Championship"]
[Site "Reykjavik ISL"]
[Date "2015.11.21"]
[EventDate "2015.11.13"]
[Round "8.12"]
[Result "1/2-1/2"]
[White "Ante Brkic"]
[Black "Sampsa Nyysti"]
[WhiteElo "2599"]
[BlackElo "2353"]
[PlyCount "69"]

1. e4 e5 2. Nf3 Nc6 3. Bc4 Nf6 4. d3 Be7 5. O-O O-O 6. Re1 d6
7. a4 Be6 8. Nc3 Nd4 9. Nxd4 exd4 10. Nd5 Nxd5 11. exd5 Bd7
12. a5 Bg5 13. Re4 f5 14. Bxg5 Qxg5 15. Rxd4 f4 16. f3 Rf6
17. Qd2 Raf8 18. Re1 Qh5 19. Ree4 Rh6 20. h3 Bxh3 21. Rxf4
Rxf4 22. Rxf4 Bd7 23. d4 g5 24. Re4 g4 25. Qf4 Qh1+ 26. Kf2
g3+ 27. Ke2 Qxg2+ 28. Kd3 Rg6 29. Re7 Rg7 30. Rxg7+ Kxg7
31. Qg5+ Kf7 32. Qh5+ Kg7 33. Qg5+ Kf7 34. Qh5+ Kg7 35. Qg5+
1/2-1/2

[Event "European Team Championship"]
[Site "Reykjavik ISL"]
[Date "2015.11.21"]
[EventDate "2015.11.13"]
[Round "8.13"]
[Result "1-0"]
[White "Tomas Laurusas"]
[Black "Hristos Banikas"]
[WhiteElo "2435"]
[BlackElo "2609"]
[PlyCount "103"]

1. d4 Nf6 2. c4 e6 3. Nf3 b6 4. g3 Ba6 5. Nbd2 d5 6. Bg2 Be7
7. O-O O-O 8. Ne5 Bb7 9. Qa4 Qe8 10. Qc2 c5 11. dxc5 bxc5
12. b3 Nc6 13. Nxc6 Qxc6 14. Bb2 Rac8 15. Rac1 Qa6 16. cxd5
exd5 17. e4 d4 18. Nc4 Rfe8 19. Rfe1 Bf8 20. h3 Nd7 21. f4 Qg6
22. Kh2 Nf6 23. f5 Qh6 24. Rcd1 Ng4+ 25. Kg1 Ne5 26. Bc1 Qa6
27. Nxe5 Rxe5 28. Bf4 Ree8 29. e5 Bxg2 30. Qxg2 c4 31. bxc4
Qxc4 32. Re2 d3 33. Re4 Qc2 34. Qf3 Rc3 35. Rd2 Qb1+ 36. Kg2
Rc2 37. e6 Rxd2+ 38. Bxd2 Qc2 39. exf7+ Kxf7 40. Qh5+ Kg8
41. Rxe8 Qxd2+ 42. Kf1 Qxa2 43. Qf3 Kf7 44. Rd8 Qb1+ 45. Kg2
Qc2+ 46. Kh1 Qc1+ 47. Kh2 Qc2+ 48. Qg2 Bc5 49. h4 Kf6 50. g4
Ke5 51. Rd5+ Kf4 52. Qxc2 1-0

[Event "European Team Championship"]
[Site "Reykjavik ISL"]
[Date "2015.11.21"]
[EventDate "2015.11.13"]
[Round "8.14"]
[Result "1/2-1/2"]
[White "Jure Borisek"]
[Black "Thibaut Vandenbussche"]
[WhiteElo "2565"]
[BlackElo "2421"]
[PlyCount "84"]

1. e4 e6 2. d4 d5 3. Nd2 dxe4 4. Nxe4 Bd7 5. Nf3 Bc6 6. Bd3
Nd7 7. O-O Ngf6 8. Ng3 Be7 9. Re1 O-O 10. Qe2 Bxf3 11. Qxf3 c6
12. c3 Re8 13. h4 Qa5 14. Bf4 Qd5 15. Qe2 b5 16. Ne4 Qh5
17. Nd6 Rf8 18. a4 b4 19. Qxh5 Nxh5 20. Bh2 bxc3 21. bxc3 Bxh4
22. Be4 Nhf6 23. Bxc6 Rab8 24. Nb5 Rb6 25. Bxd7 Nxd7 26. c4
Rc6 27. c5 Ra8 28. Rab1 Bf6 29. Bd6 h6 30. Red1 Bd8 31. Na3
Bc7 32. Rb7 Bxd6 33. Rxd7 Bf4 34. Rb1 e5 35. Rbb7 exd4
36. Rxf7 Be5 37. Nc4 Bf6 38. Nd6 Rf8 39. Rxf8+ Kxf8 40. Ne4
Be7 41. Rxa7 Bxc5 42. Nxc5 Rxc5 1/2-1/2

[Event "European Team Championship"]
[Site "Reykjavik ISL"]
[Date "2015.11.21"]
[EventDate "2015.11.13"]
[Round "8.14"]
[Result "1/2-1/2"]
[White "Stef Soors"]
[Black "Matej Sebenik"]
[WhiteElo "2394"]
[BlackElo "2528"]
[PlyCount "95"]

1. e4 c5 2. c3 d5 3. exd5 Qxd5 4. d4 Nf6 5. Nf3 e6 6. Be2 Be7
7. O-O cxd4 8. cxd4 Nc6 9. Nc3 Qd6 10. Nb5 Qd8 11. Bf4 Nd5
12. Bg3 O-O 13. Rc1 a6 14. Nc3 Nf6 15. a3 Nh5 16. Qd3 Nxg3
17. hxg3 Bf6 18. Rfd1 Bd7 19. Ne5 Rc8 20. Ne4 Bxe5 21. dxe5
Nxe5 22. Rxc8 Qxc8 23. Qd6 Qb8 24. f4 Bc6 25. Nc5 Ng6 26. Nxa6
Qa7+ 27. Qc5 Qxc5+ 28. Nxc5 Ne7 29. Nd7 Re8 30. Nb6 Nc8
31. Nxc8 Rxc8 32. Bf3 Bxf3 33. gxf3 Kf8 34. Rd2 Ke7 35. Kf2
Rc5 36. Ke3 g5 37. fxg5 Rxg5 38. g4 h5 39. gxh5 Rxh5 40. Rd4
Rc5 41. a4 b5 42. a5 b4 43. a6 Ra5 44. Rxb4 Rxa6 45. Rb7+ Kd6
46. Rxf7 Rb6 47. Ra7 Rxb2 48. Ra5 1/2-1/2

[Event "European Team Championship"]
[Site "Reykjavik ISL"]
[Date "2015.11.21"]
[EventDate "2015.11.13"]
[Round "8.15"]
[Result "1-0"]
[White "Ivan Ivanisevic"]
[Black "Francisco Vallejo Pons"]
[WhiteElo "2662"]
[BlackElo "2684"]
[PlyCount "65"]

1. d4 e6 2. c4 Nf6 3. Nc3 Bb4 4. Qc2 b6 5. a3 Bxc3+ 6. Qxc3
Bb7 7. Nf3 d5 8. Bg5 dxc4 9. Qxc4 Nbd7 10. e3 c5 11. Be2 h6
12. Bh4 Bd5 13. Qa4 a6 14. dxc5 bxc5 15. e4 Bb7 16. e5 g5
17. exf6 gxh4 18. Ne5 Qc7 19. O-O-O O-O-O 20. Nxf7 Nb6 21. Qa5
Qxf7 22. Qxb6 Qxf6 23. Bxa6 Bxa6 24. Qxa6+ Kc7 25. Rhe1 Qxf2
26. Qa7+ Kc8 27. Kb1 Rhf8 28. Ka2 Qf5 29. Rf1 Rxd1 30. Rxd1
Rf7 31. Qa8+ Kc7 32. Rd8 Rd7 33. Qc8+ 1-0

[Event "European Team Championship"]
[Site "Reykjavik ISL"]
[Date "2015.11.21"]
[EventDate "2015.11.13"]
[Round "8.15"]
[Result "1-0"]
[White "David Anton Guijarro"]
[Black "Milos Perunovic"]
[WhiteElo "2630"]
[BlackElo "2624"]
[PlyCount "83"]

1. d4 Nf6 2. c4 e6 3. Nf3 c5 4. d5 d6 5. Nc3 exd5 6. cxd5 g6
7. Bf4 Bg7 8. Qa4+ Bd7 9. Qb3 Qc7 10. e4 O-O 11. Nd2 Nh5
12. Be3 f5 13. exf5 Bxf5 14. Be2 Nf6 15. Nc4 Qd7 16. O-O Na6
17. Rac1 Kh8 18. Bf4 Ne8 19. Bg3 Bh6 20. Ne3 Nf6 21. Bb5 Qd8
22. Rce1 Nc7 23. Be2 Rb8 24. a4 Nh5 25. Bxh5 gxh5 26. Nxf5
Rxf5 27. Qc2 Rg5 28. h4 Rg6 29. Qf5 b5 30. Nxb5 Nxb5 31. axb5
Rxb5 32. Re2 Rb8 33. Rfe1 Qf8 34. Qxh5 Bg7 35. Re6 Rxe6
36. Rxe6 Bd4 37. Kh2 Rd8 38. b3 a5 39. f3 Qg7 40. Bxd6 Rg8
41. Be5 Bxe5+ 42. Qxe5 1-0

[Event "European Team Championship"]
[Site "Reykjavik ISL"]
[Date "2015.11.21"]
[EventDate "2015.11.13"]
[Round "8.15"]
[Result "1/2-1/2"]
[White "Renier Vazquez Igarza"]
[Black "Nikola Sedlak"]
[WhiteElo "2565"]
[BlackElo "2557"]
[PlyCount "82"]

1. Nf3 Nf6 2. c4 g6 3. b4 Bg7 4. Bb2 O-O 5. g3 b6 6. Bg2 Bb7
7. O-O c5 8. a3 d6 9. Qb3 Nbd7 10. d3 d5 11. cxd5 Bxd5 12. Qc2
Rc8 13. Nc3 Bb7 14. Qb3 Qc7 15. Rfc1 Qb8 16. a4 e6 17. b5 Bxf3
18. Bxf3 Ne5 19. Bg2 c4 20. dxc4 Nxc4 21. Ba3 Rfd8 22. Bb4 Ng4
23. Ra2 Nd2 24. Qa3 Nc4 25. Qb3 Nd2 26. Qa3 Qe5 27. Rxd2 Rxd2
28. Nd5 Rdc2 29. Ne7+ Kh8 30. Nxc8 Qxe2 31. Be1 Rxc1 32. Qxc1
Bd4 33. h3 Bxf2+ 34. Bxf2 Qxf2+ 35. Kh1 Ne3 36. Qc6 Qe1+
37. Kh2 Qf2 38. Qf3 Nf1+ 39. Kh1 Nxg3+ 40. Kh2 Nf1+ 41. Kh1
Ng3+ 1/2-1/2

[Event "European Team Championship"]
[Site "Reykjavik ISL"]
[Date "2015.11.21"]
[EventDate "2015.11.13"]
[Round "8.16"]
[Result "1-0"]
[White "Dragan Kosic"]
[Black "Mario Schachinger"]
[WhiteElo "2470"]
[BlackElo "2451"]
[PlyCount "97"]

1. d4 d5 2. Nf3 Nf6 3. c4 e6 4. e3 a6 5. Nbd2 c5 6. cxd5 Nxd5
7. e4 Nf6 8. e5 Nd5 9. dxc5 Bxc5 10. Ne4 Bb4+ 11. Bd2 O-O
12. Bc4 b5 13. Bb3 Bb7 14. O-O Be7 15. Bc2 Nd7 16. Re1 Rc8
17. Bb1 h6 18. Ng3 Nc5 19. Qc2 f5 20. exf6 Nxf6 21. Qg6 Qe8
22. Ne5 Bd6 23. Qxe8 Rfxe8 24. Bg6 Re7 25. Rad1 Bd5 26. b3
Ncd7 27. Nxd7 Rxd7 28. Ba5 Bc5 29. Rc1 Bb7 30. h3 b4 31. Rc2
Bf8 32. Rxe6 Rd1+ 33. Kh2 Nd5 34. Rxc8 Bxc8 35. Re8 Bd7
36. Rd8 Be6 37. Bxb4 Nxb4 38. Rxd1 Nxa2 39. Rd8 Nb4 40. Rb8 a5
41. Ra8 Nc6 42. Ra6 Nd4 43. Rxa5 Nxb3 44. Ra8 Nd4 45. Ne4 Nb5
46. Nc5 Nc7 47. Rb8 Bf7 48. Nd7 Ne6 49. Bf5 1-0

[Event "European Team Championship"]
[Site "Reykjavik ISL"]
[Date "2015.11.21"]
[EventDate "2015.11.13"]
[Round "8.17"]
[Result "1-0"]
[White "Helgi Dam Ziska"]
[Black "Sune Berg Hansen"]
[WhiteElo "2523"]
[BlackElo "2566"]
[PlyCount "87"]

1. e4 e5 2. Nf3 Nc6 3. Bb5 a6 4. Ba4 Nf6 5. O-O Be7 6. d3 b5
7. Bb3 O-O 8. a4 b4 9. Nbd2 Bc5 10. h3 d6 11. c3 Rb8 12. Re1
Be6 13. Bxe6 fxe6 14. Nc4 bxc3 15. bxc3 Ba7 16. Be3 Bxe3
17. Rxe3 Nd7 18. d4 Qf6 19. Rc1 Rf7 20. Qd3 exd4 21. cxd4 e5
22. dxe5 dxe5 23. Ncd2 Nb4 24. Qc4 c5 25. Nb3 Rc8 26. a5 h6
27. Rd1 Kh8 28. Re2 Nc6 29. Red2 Rc7 30. Rd6 Qf4 31. R1d3 Nd4
32. Nbd2 Rf8 33. Rxa6 Nf6 34. Re3 Nh5 35. Rb6 Rd7 36. Qxc5
Rfd8 37. Rb1 Ne6 38. Qc3 Rc7 39. Qb2 Nd4 40. Nxd4 exd4 41. Rf3
Qd6 42. Qa3 Rc5 43. a6 Qc7 44. Nb3 1-0

[Event "European Team Championship"]
[Site "Reykjavik ISL"]
[Date "2015.11.21"]
[EventDate "2015.11.13"]
[Round "8.17"]
[Result "1-0"]
[White "Lars Schandorff"]
[Black "John Rodgaard"]
[WhiteElo "2519"]
[BlackElo "2350"]
[PlyCount "85"]

1. d4 d5 2. c4 e6 3. Nf3 Nf6 4. Bg5 Be7 5. Nc3 O-O 6. Qc2 b6
7. e3 Bb7 8. Bd3 h6 9. Bxf6 Bxf6 10. cxd5 exd5 11. O-O Na6
12. Qa4 Nb8 13. Rac1 a5 14. e4 Bc6 15. Qc2 dxe4 16. Bxe4 Bxe4
17. Qxe4 Na6 18. Rfd1 Re8 19. Qf5 Qc8 20. Qb5 Re6 21. Re1 Nb4
22. a3 c6 23. Qc4 Rxe1+ 24. Rxe1 Nd5 25. Nxd5 cxd5 26. Qxd5
Qd8 27. Qe4 Rc8 28. g3 Qd7 29. Kg2 Qb5 30. Re2 a4 31. h4 h5
32. d5 Rd8 33. Rd2 Rd6 34. Ne5 g6 35. Nc4 Rd8 36. d6 Kg7
37. Qd5 Qb3 38. d7 b5 39. Na5 Qxd5+ 40. Rxd5 Bxb2 41. Nc6 Rxd7
42. Rxd7 Bxa3 43. Rb7 1-0